00323nam a2200097Ia 4500008004100000245009000041245002100131260000900152650001600161856004800177160523s9999 xx 000 0 und d 4aThe Pinnacle Recruitment & Interview Method: 7 Steps to Revealing Candidate Dialogues cOzan Dagdeviren. c2015 xPsychology. uhttp://www.smashwords.com/books/view/598496